000 00866cab a2200253 4500
001 WB2815-35
008 090401t1992 xxu||||| |||| 00| 0 eng d
035 _a(Sirsi) u73247
041 _aeng
245 _aPitted against quarries
260 _c1992
350 _a0
490 _aTimes
_v8 April 1992, 2 & 6(3)
520 _aA public inquiry on the extension of quarrying in the Mendip Hills is being seen as a major test of opinion on extraction from areas of natural beauty, and any resulting restrictions imposed may lead to concentrations of activity in less sensitive locations in Scotland.
650 _aAGGREGATES
650 _aFORECAST
650 _aLANDSCAPE CONSERVATION
650 _aMINERAL EXTRACTION
650 _aSAND AND GRAVEL
650 _aSUPPLY AND DEMAND
690 _aMINING AND MINERALS
942 _n0
948 _c04/03/1997
999 _c46320
_d46320